Datum a čas kvízu
22.5
Celkem bodů
Celkový počet nahraných bodů na tomto kvízu bez doplňovacích otázek.
8.
Pořadí na kvízu
Konečné umístění týmu na tomto kvízu.
Zaznamenané odpovědi
| # | Otázka | Odpověď | Body | Výsledky |
|---|---|---|---|---|
| 1. | Automobilka Škoda v minulém tý... | Laurin & Klement Kampus | 0 | |
| 2. | Papež František schválil svato... | Boží influencer | 0 | |
| 3. | Jak se nazývá literární festiv... | Svět knihy | 1 | |
| 4. | Vermontská státní univerzita u... | kočkou (kocourem) | 1 | |
| 5. | Jak se jmenuje 23letý český te... | Tomáš Macháč | 1 | |
| 6. | Středověk bývá obvykle ohranič... | D | 0 | |
| 7. | Jak se jmenoval významný střed... | Vilém I. Dobyvatel | 0 | |
| 8. | Jak se jmenoval český kníže z... | Vratislav | 1 | |
| 9. | Vytvořte z těchto středověkých... | 1B 2A 3D 4C | 0 | |
| 10. | Závěrem tématu se podíváme na... | tulipán | 0 |